| 000 | 00787cam a2200193K 4500 | ||
|---|---|---|---|
| 082 |
_a686.2 _bROC _cL-Tech, P-180 |
||
| 100 | 1 |
_aBöck, Josef, _945124 |
|
| 245 | 1 | 0 |
_aZincography _ba practical guide to the art as practised in connexion with letterpress printing ... Revised and enlarged edition. _cTranslated by E. Menken. |
| 250 | _a2d ed. | ||
| 260 |
_aLondon, _bWyman & Sons _c[1886?] |
||
| 300 | _a1 online resource (55 p.) | ||
| 500 | _aBased upon an article originally published in Waldow's Illustrierte encyklopädie der graphischen künste. | ||
| 526 |
_a0 _b0 _c0 _d686_200000000000000_ROC |
||
| 650 | 0 |
_aMCE _9379 |
|
| 650 | 0 |
_aZincography. _945125 |
|
| 700 | 1 |
_aMenken, E., _945126 |
|
| 856 | 4 | 0 | _uhttp://catalog.hathitrust.org/api/volumes/oclc/56361659.html |
| 942 |
_2ddc _cBK |
||
| 999 |
_c548717 _d548717 |
||